banner-ar

الامة فى مواجهة الاستبعاد : (Record no. 61627)

MARC details
000 -الفاتح
حقل البيانات ثابتة الطول 00882nam a22002177a 4500
005 - وقت وتاريخ اخر تعامل مع التسجيلة
رقم الضبط 20240530110509.0
008 - عناصر البيانات ثابتة الطول - معلومات عامة
حقل البيانات ثابتة الطول 151026s2011 ua a f 000 0 ara d
017 ## - رقم الايداع القانونى
رقم الايداع القانونى 2011/5981
المصدر ( الهيئة المختصة) مصر . دار الكتب المصرية
040 ## - مصدر الفهرسة
وكالة الفهرسة الأصلية EG-CaGPL
082 04 - رقم تصنيف ديوى العشرى
رقم الطبعة 21
رقم التصنيف 962.081
رقم المادة ق/أ أ
100 0# - المدخل الرئيسى - إسم شخصى
الإسم الشخصى السيد ابو داود .
245 12 - بيان العنوان
العنوان الامة فى مواجهة الاستبعاد :
بقية العنوان خبرات ثورة 25 يناير 2011 م /
بيان المسئوليه,etc السيد ابو داود .
250 ## - بيان الطبعة
بيان الطبعة ط1.
260 ## - PUBLICATION, DISTRIBUTION, ETC. (IMPRINT)
تاريخ النشر أو التوزيع 2011 .
300 ## - الوصف المادى
التعداد 432 ص ؛
أبعاد الوعاء 24 سم .
650 04 - المدخل الاضافى بالموضوع-مصطلح موضوعى
مصطلح موضوعي ثورة 25 يناير .
650 04 - المدخل الاضافى بالموضوع-مصطلح موضوعى
مصطلح موضوعي التغير الاجتماعى
التقسيم الفرعي الزمني قبل ثورة 25 يناير .
التقسيم الفرعي الجغرافي مصر
651 04 - المدخل الاضافى بالموضوع - اسم جغرافى
الاسم الجغرافي مصر
التقسيم الفرعي العام الاحوال السياسية
التقسيم الفرعي الزمني ثورة 25 يناير .
942 ## - عناصر المدخل الإضافي( كوها)
مصدر التصنيف او مخطط الترفيف Dewey Decimal Classification
Koha [default] item type كتاب
260 ## - PUBLICATION, DISTRIBUTION, ETC. (IMPRINT)
-- القاهرة :
-- مكتبة جزيرة الورد ،
Holdings
حالة التراجع حالة الفقد حالة تلف ليس للاعارة المكان المؤقت الموقع الحالى تاريخ الاكتساب اجمالي اﻻعارات رقم الطلب الباركود تاريخ اخر مشاهدة تاريخ تفعيل السعر نوع وعاء كوها
        مكتبة القاهرة الكبرى مكتبة القاهرة الكبرى 10/26/2015   962.081 ق/أ أ 160971 10/26/2015 10/26/2015 كتاب

Powered By

EGPV